Polscy politycy (zdjęcia) - Statystyki

Ogólne statystyki
  • Ten quiz został rozwiązany 439 razy
  • Średni wynik to 13 z 16
Statystyki odpowiedzi
Obrazkowy Odpowiedź % Poprawnych
Andrzej Duda
99%
Donald Tusk
99%
Szymon Hołownia
99%
Grzegorz Braun
98%
Krzysztof Bosak
94%
Mateusz Morawiecki
94%
Robert Biedroń
93%
Sławomir Mentzen
92%
Borys Budka
83%
Adrian Zandberg
81%
Paweł Kukiz
75%
Włodzmierz Czarzasty
72%
Ryszard Petru
68%
Michał Kołodziejczak
60%
Krystyna Pawłowicz
51%
Artur Dziambor
35%
Nie znaleziono quizów pasujących do podanych kryteriów
Rozkład punktacji
Procent ludzi z każdym wynikiem
Percentyl według liczby udzielonych odpowiedzi
Twoja historia wyników
Nie rozwiązałeś tego quizu